An den Lagerfeuern der Altsteinzeit /

Hlavní autor: Augusta, Josef, 1903-1968
Jazyk: Němčina
Vydáno: Prag : Artia, 1958
Vydání: 1. Aufl.
Fyzický popis: 213 s., příl.
Knihy
Uloženo v:
LEADER 00712nam a22002412a 4500
001 001421249
003 CZ BrMZK
005 20150217141842.0
007 ta
008 140919s1958 xr f er|||||||||||ger d
015 |a cnb000245212 
040 |a ABA001  |b cze  |d ABA007  |d BOA001 
041 1 |a ger  |h cze 
100 1 |a Augusta, Josef,  |d 1903-1968  |7 jk01010421  |4 aut 
245 1 0 |a An den Lagerfeuern der Altsteinzeit /  |c Josef Augusta 
250 |a 1. Aufl. 
260 |a Prag :  |b Artia,  |c 1958 
300 |a 213 s., příl. 
500 |a Přeloženo z češtiny 
910 |a BOA001  |b 2-0399.719 
990 |a BK 
991 |b 201409 
996 6 |b 2619129013  |c 2-0399.719  |l MZK  |r Sklad / do 24 hodin  |n 0  |w 001456348  |u 000010  |a 1  |e BOA001  |j MZK50  |s P